Quick Pick: Pacific Islands Quiz Stats

 Plays Quiz Updated Nov 20, 2018

     
Support Sporcle.
Go Orange.
Score 0/12 Timer 01:00
0 Plays Today
% Correct
Australia
79.1%
Kiribati
67%
New Zealand
64.1%
Tonga
61.3%
France
56.3%
Japan
55.9%
Philippines
43.8%
Fiji
35.2%
Samoa
34.2%
Papua New Guinea
32.9%
United States
28.3%
Solomon Islands
28%

Today's Daily Dose

Missing Word
Brands of Alcohol

Word Ladder
A Little Room?

Get the Picture
SpongeBob Rivalry

From the Vault

'O' Celebrity Images

by sproutcm

We wanted to include Oprah, then we found out she had a last name.
Remove Ads.
Support Sporcle.
Get the best of Sporcle when you Go Orange. This ad-free experience offers more features, more stats, and more fun while also helping to support Sporcle. Thank you for becoming a member.

Show Comments

Extras

Top Quizzes Today


Score Distribution

Your Account Isn't Verified!

In order to create a playlist on Sporcle, you need to verify the email address you used during registration. Go to your Sporcle Settings to finish the process.

Report this User

Report this user for behavior that violates our Community Guidelines.

Details: